000 00463nam a2200157Ia 4500
008 230312s9999||||xx |||||||||||||| ||und||
020 _a81-272-1374-8
082 _a651.7
_bKUM
100 _aKumar Varinder
245 0 _aBusiness Communication and Organization Management
260 _bKalyani
_aLudhiana
_c2004
300 _a20.16
546 _aEng.
650 _aManagement
_vmemo writing,proposal writing,report writing , summarising,office order
942 _cBK
999 _c1269
_d1269